000 00482ntaaa2200193 4500
003 01
005 20251027202805.0
008 0714s1973 ag 01
040 _aAR-BaBN
_bspa
_cAR-BaBN
_eaacr
_dRIC
082 _a860.0000 Sa7
100 _aSastre, Marcos
_928169
245 _aEl tempe argentino
250 _a1 ed.
260 _as.l. :
_bRosso Ediciones,
_c1938
300 _a284 p
650 _aliteratura argentina
_928015
700 _aMercante, VĂ­ctor
_925591
942 _cBK
999 _c23213
_d23213